000
00296nam a22001337a 4500
008
171003b xxu||||| |||| 00| 0 eng d
020
_a
9780716786726
041
_a
eng
080
_2
6TH
_a
159.9
100
_a
48
101
_a
PSI
245
_a
EXPLORING PSYCHOLOGY
_c
MYERS,D.G
942
_2
udc
_c
BK
999
_c
31324
_d
31324